<?xml version="1.0" encoding="UTF-8"?>
<record
    xmlns:xsi="http://www.w3.org/2001/XMLSchema-instance"
    xsi:schemaLocation="http://www.loc.gov/MARC21/slim http://www.loc.gov/standards/marcxml/schema/MARC21slim.xsd"
    xmlns="http://www.loc.gov/MARC21/slim">

  <leader>00680nam a2200133   4500</leader>
  <datafield tag="040" ind1=" " ind2=" ">
    <subfield code="c">RUA</subfield>
  </datafield>
  <datafield tag="082" ind1=" " ind2=" ">
    <subfield code="a">AED CHH 2018 B466 Or.1</subfield>
  </datafield>
  <datafield tag="100" ind1=" " ind2=" ">
    <subfield code="a">CHHOEUN BONTHOEUN ,&#x1788;&#x17BF;&#x1793; &#x1794;&#x17CA;&#x17BB;&#x1793;&#x1792;&#x17BF;&#x1793;</subfield>
  </datafield>
  <datafield tag="245" ind1=" " ind2=" ">
    <subfield code="a">the study on economic efficiency of rainy season in lbuek commune, chhouk district, kampot province,&#x1780;&#x17B6;&#x179A;&#x179F;&#x17B7;&#x1780;&#x17D2;&#x179F;&#x17B6;&#x17A2;&#x17C6;&#x1796;&#x17B8;&#x1794;&#x17D2;&#x179A;&#x179F;&#x17B7;&#x1791;&#x17D2;&#x1792;&#x1797;&#x17B6;&#x1796;&#x179F;&#x17C1;&#x178A;&#x17D2;&#x178B;&#x1780;&#x17B7;&#x1785;&#x17D2;&#x1785;&#x1793;&#x17C3;&#x178A;&#x17C6;&#x178E;&#x17B6;&#x17C6;&#x179F;&#x17D2;&#x179A;&#x17BC;&#x179C;&#x179C;&#x179F;&#x17D2;&#x179F;&#x17B6;&#x1793;&#x17C5;&#x1780;&#x17D2;&#x1793;&#x17BB;&#x1784;&#x1783;&#x17BB;&#x17C6;&#x179B;&#x17D2;&#x1794;&#x17BE;&#x1780; &#x179F;&#x17D2;&#x179A;&#x17BB;&#x1780;&#x1788;&#x17BC;&#x1780; &#x1781;&#x17C1;&#x178F;&#x17D2;&#x178F;&#x1780;&#x17C6;&#x1796;&#x178F;</subfield>
  </datafield>
  <datafield tag="260" ind1=" " ind2=" ">
    <subfield code="a">RUA</subfield>
    <subfield code="b">phnom penh</subfield>
    <subfield code="c">2018</subfield>
  </datafield>
  <datafield tag="300" ind1=" " ind2=" ">
    <subfield code="a">xi;60p;</subfield>
    <subfield code="b">lill;</subfield>
    <subfield code="c">29cm;</subfield>
  </datafield>
  <datafield tag="856" ind1=" " ind2=" ">
    <subfield code="u"> CHHOEUN BONTHOEUN</subfield>
  </datafield>
  <datafield tag="942" ind1=" " ind2=" ">
    <subfield code="c">AED</subfield>
  </datafield>
  <datafield tag="999" ind1=" " ind2=" ">
    <subfield code="c">19236</subfield>
    <subfield code="d">19236</subfield>
  </datafield>
  <datafield tag="952" ind1=" " ind2=" ">
    <subfield code="0">0</subfield>
    <subfield code="1">0</subfield>
    <subfield code="2">ddc</subfield>
    <subfield code="4">0</subfield>
    <subfield code="6">AED_CHH_2018_000000000000000_B466_OR_1</subfield>
    <subfield code="7">0</subfield>
    <subfield code="9">84398</subfield>
    <subfield code="a">LBB</subfield>
    <subfield code="b">LBB</subfield>
    <subfield code="c">B466</subfield>
    <subfield code="d">2020-07-03</subfield>
    <subfield code="o">AED CHH 2018 B466 Or.1</subfield>
    <subfield code="p">A42558</subfield>
    <subfield code="r">2020-07-03</subfield>
    <subfield code="w">2020-07-03</subfield>
    <subfield code="y">AED</subfield>
  </datafield>
  <datafield tag="952" ind1=" " ind2=" ">
    <subfield code="0">0</subfield>
    <subfield code="1">0</subfield>
    <subfield code="2">ddc</subfield>
    <subfield code="4">0</subfield>
    <subfield code="6">AED_CHH_2018_000000000000000_B466_OR_2</subfield>
    <subfield code="7">0</subfield>
    <subfield code="9">84399</subfield>
    <subfield code="a">LBB</subfield>
    <subfield code="b">LBB</subfield>
    <subfield code="c">B466</subfield>
    <subfield code="d">2020-07-03</subfield>
    <subfield code="o">AED CHH 2018 B466 Or.2</subfield>
    <subfield code="p">A42663</subfield>
    <subfield code="r">2020-07-03</subfield>
    <subfield code="w">2020-07-03</subfield>
    <subfield code="y">AED</subfield>
  </datafield>
  <datafield tag="952" ind1=" " ind2=" ">
    <subfield code="0">0</subfield>
    <subfield code="1">0</subfield>
    <subfield code="2">ddc</subfield>
    <subfield code="4">0</subfield>
    <subfield code="6">AED_CHH_2018_000000000000000_B466_OR_3</subfield>
    <subfield code="7">0</subfield>
    <subfield code="9">84400</subfield>
    <subfield code="a">LBB</subfield>
    <subfield code="b">LBB</subfield>
    <subfield code="c">B466</subfield>
    <subfield code="d">2020-07-03</subfield>
    <subfield code="o">AED CHH 2018 B466 Or.3</subfield>
    <subfield code="p">A43040</subfield>
    <subfield code="r">2020-07-03</subfield>
    <subfield code="w">2020-07-03</subfield>
    <subfield code="y">AED</subfield>
  </datafield>
  <datafield tag="952" ind1=" " ind2=" ">
    <subfield code="0">0</subfield>
    <subfield code="1">0</subfield>
    <subfield code="2">ddc</subfield>
    <subfield code="4">0</subfield>
    <subfield code="6">AED_CHH_2018_000000000000000_B466_OR_4</subfield>
    <subfield code="7">0</subfield>
    <subfield code="9">84401</subfield>
    <subfield code="a">LBB</subfield>
    <subfield code="b">LBB</subfield>
    <subfield code="c">B466</subfield>
    <subfield code="d">2020-07-03</subfield>
    <subfield code="o">AED CHH 2018 B466 Or.4</subfield>
    <subfield code="p">A42588</subfield>
    <subfield code="r">2020-07-03</subfield>
    <subfield code="w">2020-07-03</subfield>
    <subfield code="y">AED</subfield>
  </datafield>
  <datafield tag="952" ind1=" " ind2=" ">
    <subfield code="0">0</subfield>
    <subfield code="1">0</subfield>
    <subfield code="2">ddc</subfield>
    <subfield code="4">0</subfield>
    <subfield code="6">AED_CHH_2018_000000000000000_B466_OR_5</subfield>
    <subfield code="7">0</subfield>
    <subfield code="9">84402</subfield>
    <subfield code="a">LBB</subfield>
    <subfield code="b">LBB</subfield>
    <subfield code="c">B466</subfield>
    <subfield code="d">2020-07-03</subfield>
    <subfield code="o">AED CHH 2018 B466 Or.5</subfield>
    <subfield code="p">A42673</subfield>
    <subfield code="r">2020-07-03</subfield>
    <subfield code="w">2020-07-03</subfield>
    <subfield code="y">AED</subfield>
  </datafield>
  <datafield tag="952" ind1=" " ind2=" ">
    <subfield code="0">0</subfield>
    <subfield code="1">0</subfield>
    <subfield code="2">ddc</subfield>
    <subfield code="4">0</subfield>
    <subfield code="6">AED_CHH_2018_000000000000000_B466_OR_6</subfield>
    <subfield code="7">0</subfield>
    <subfield code="9">84403</subfield>
    <subfield code="a">LBB</subfield>
    <subfield code="b">LBB</subfield>
    <subfield code="c">B466</subfield>
    <subfield code="d">2020-07-03</subfield>
    <subfield code="o">AED CHH 2018 B466 Or.6</subfield>
    <subfield code="p">A42693</subfield>
    <subfield code="r">2020-07-03</subfield>
    <subfield code="w">2020-07-03</subfield>
    <subfield code="y">AED</subfield>
  </datafield>
</record>
